Statistics for 长春轨道交通车站地图 Changchun Rail Transit Map Quiz

Click here to take the quiz!

General Stats

  • This quiz has been taken 24 times
  • The average score is 15 of 24

Answers on the Map

Answers color-coded by a green-red scale on the quiz's map according to % correct below.
 

Answer Stats

LineStation% Correct
3号线 Line 3长春站 Changchun Railway Station
93%
1号线 Line 1长春站 Changchun Railway Station
93%
3号线 Line 3伪满皇宫 Puppet Regime Palace Museum
87%
4号线 Line 4伪满皇宫 Puppet Regime Palace Museum
87%
4号线 Line 4长春站北 Changchun Railway Station North
67%
1号线 Line 1长春站北 Changchun Railway Station North
67%
1号线 Line 1解放大路 Jiefang Avenue
67%
2号线 Line 2解放大路 Jiefang Avenue
67%
8号线 Line 8北环城路 North Ring Road
67%
1号线 Line 1北环城路 North Ring Road
67%
3号线 Line 3长影世纪城 Changchun Movie Wonderland
60%
1号线 Line 1红嘴子 Hongzuizi
60%
2号线 Line 2解放桥 Jiefang Overpass
60%
3号线 Line 3解放桥 Jiefang Overpass
60%
8号线 Line 8广通路 Guangtong Road
53%
2号线 Line 2汽车公园 Qiche Gongyuan
53%
3号线 Line 3卫星广场 Weixing Square
53%
1号线 Line 1卫星广场 Weixing Square
53%
2号线 Line 2东方广场 Dongfang Square
47%
2号线 Line 2吉林大路 Jilin Avenue
47%
4号线 Line 4吉林大路 Jilin Avenue
47%
4号线 Line 4天工路 Tiangong Road
47%
3号线 Line 3职业学院 Vocational Institute Of Technology
47%
4号线 Line 4职业学院 Vocational Institute Of Technology
47%

Score Distribution

Percentile by Number Answered

Percent of People with Each Score

Your Score History

You have not taken this quiz